000 00749cab a2200205 4500
001 WB3045-08
008 090401t1994 xxu||||| |||| 00| 0 eng d
035 _a(Sirsi) u16231
041 _aeng
245 _aDry ice freezes the dirt away
260 _c1994
350 _a0
490 _aIndependent on Sunday
_v27 November 1994, 7(1)
520 _aDrice, a granular form of `dry ice` or frozen carbon dioxide, may soon replace toxic organic solvents and the abrasive grit of sand-blasting for a range of cleaning jobs, from removal of graffiti to decontaminating nuclear power stations.
650 _aDRY ICE
650 _aSTONE CLEANING
690 _aBUILDING AND CONSTRUCTION-REPAIRS AND MAINTENANCE
942 _n0
948 _c04/03/1997
999 _c10667
_d10667